Conferencia de grandes ciudades sobre ahorro, uso eficiente y racional del agua /
Las ponencias presentadas en esta conferencia giraron en torno a tres objetivos: analizar los métodos y sistemas para abatyir los costos de inversión y lograr un suministro eficiente del agua potable en los centros urbanos; promover la cultura y la educación hacia el ahorro y uso eficiente del agua,...
Guardado en:
| Autor corporativo: | |
|---|---|
| Formato: | Procedimiento de la conferencia Libro |
| Idioma: | Español |
| Temas: | |
| Etiquetas: |
Sin etiquetas, Sé el primero en etiquetar este registro!
|
MARC
| LEADER | 00000nam^a2200000^a^4500 | ||
|---|---|---|---|
| 001 | 000102224 | ||
| 005 | 20250521000000.0 | ||
| 009 | 20260310093304.96 | ||
| 037 | |a Acervo ITESO - Biblioteca | ||
| 041 | |a ESP | ||
| 082 | |a 628. 1 |b CON | ||
| 111 | |a Conferencia de Grandes Ciudades sobre Ahorro, Uso Eficiente y Racional del Agua ( |d 1999 : |c Guadalajara, México) | ||
| 245 | 1 | 0 | |a Conferencia de grandes ciudades sobre ahorro, uso eficiente y racional del agua / |
| 264 | |a Guadalajara, México : |b Ayuntamiento de Guadalajara : |b Gobierno del Estado de Jalisco, Secretaría de Desarrollo Urbano, |c 1999 | ||
| 300 | |a 273 p. | ||
| 336 | |a texto |b txt |2 rdacontenido | ||
| 337 | |a sin mediación |b n |2 rdamedio | ||
| 338 | |a volumen |b nc |2 rdasoporte | ||
| 520 | |a Las ponencias presentadas en esta conferencia giraron en torno a tres objetivos: analizar los métodos y sistemas para abatyir los costos de inversión y lograr un suministro eficiente del agua potable en los centros urbanos; promover la cultura y la educación hacia el ahorro y uso eficiente del agua, y explorar las acciones necesarias para impulsar una política integral del aprovechamiento de los recursos hidráulicos que garantice su uso racional en las áreas urbanas. | ||
| 649 | |a XX | ||
| 650 | |a Agua - |x Abastecimiento | ||
| 650 | |a Agua - |x Tratamiento y Reciclaje | ||
| 650 | |a Sistema de Drenaje y Alcantarillado | ||
| 650 | |a Sistema de Agua Potable | ||
| 650 | |a Servicios Públicos | ||
| 650 | |a Urbanismo | ||
| 650 | |a Recursos Naturales | ||
| 650 | |a Conservación y Protección Ambiental | ||
| 650 | |a Ingeniería Ambiental | ||
| 650 | |a Ingeniería Hidráulica | ||
| 910 | |a Fondo General | ||
| 920 | |a Impresos - Libros | ||
| 930 | |a Colección General | ||
| 905 | |a 101 | ||
| 901 | |a 0500038399 |b IT1 |c ACC |u 20250521 | ||
| 902 | |a https://opac.biblio.iteso.mx/vufind/Record/000102224 | ||